000 00465nam a2200157 a 4500
001 000006780
005 20200929154006.0
008 090902s2009 dr 000 spa d
040 _aDO-SdBNP
082 _axxx
_bV468a
100 1 _aVentura, Abel
_916030
245 1 0 _aAnálisis histórico comparativo los trescientos años :
_bobra inédita /
_cAbel Ventura.
260 _aSan Francisco de Macorís, :
_bRinosa,
_c2009.
300 _a71 p. ;
_c21 cm.
049 _aBNPD
999 _c6568
_d6568